000 00648nam a22002297a 4500
999 _c14402
_d14402
003 MIRAKIL
005 20210614150453.0
008 210614b tu ||||| |||| 00| 0 tur d
020 _aTaşçı, Salim
040 _aTR-AnCHP
_btur
_cTR-AnCHP
041 _aTur
082 _a923.8 Taşçı,S.
_bT27k 2020
100 _aTaşçı, Salim
245 _aKüs topraklar/
_cSalim Taşçı.
260 _aAnkara:
_bYade Yayınları,
_c2020.
300 _a128 s.:
_c21 sm.
490 _aYade Yayınları;
_v72.
500 _aYapıt yazarından imzalıdır.
600 _aTaşçı, Salim
_xAnılar
650 _aEmlakçılar
_xAnılar
942 _2ddc
_cBKS